Studies of the University of Žilina december 2003

Salvato in:
Dettagli Bibliografici
Natura: Libro
Lingua:inglese
Pubblicazione: Žilina University of Žilina 2003
Serie:Mathematical series Volume 17, Number 1
Soggetti:
Tags: Aggiungi Tag
Nessun Tag, puoi essere il primo ad aggiungerne!!

MARC

LEADER 00000nam$a2200000$$$4500
001 0022994
005 20240104094834.4
022 |a 1336-149X 
041 0 |a eng 
044 |a SK 
245 1 0 |a Studies of the University of Žilina  |b december 2003 
264 1 |a Žilina  |b University of Žilina  |c 2003 
300 |a 190 s. 
490 1 |a Mathematical series  |v Volume 17, Number 1 
830 0 |a Mathematical series  |v Volume 17, Number 1 
610 2 0 |a matematika 
610 2 0 |a funkcie matematické 
610 2 0 |a modelovanie matematické 
610 2 0 |a metódy matematické